Statistics for Languages of the World with an Empty Map

Click here to take the quiz!

General Stats

  • This quiz has been taken 535 times
    (519 since last reset)
  • The average score is 183 of 196

Answers on the Map

Answers color-coded by a green-red scale on the quiz's map according to % correct below.
 

Answer Stats

Country% Correct
Arabic/English
99%
Bulgarian/English
99%
Chewa/Chibarwe/English/Kalanga/Khoisan/
Nambya/Ndau/Ndebele/Shangani/Shona/
Sotho/Tonga/Tswana/Venda/Xhosa
99%
Afrikaans/English/Southern Ndebele/
Sotho/Northern Sotho/
Swazi/Tsonga/Tswana/Venda/Xhosa/Zulu
99%
English/Chichewa
99%
English/French/Seychellois Creole
99%
Malay/Tamil/Chinese/English
99%
English
99%
English/French
99%
Fijian/English/Fijian Hindi
99%
Filipino/English
99%
French/English
99%
Hindi/English
99%
Irish/English
99%
Kirundi/English/French
99%
Malay/English
99%
Maltese/English
99%
Maori/English
99%
Nauruan/English
99%
Palauan/English
99%
Southern Sotho/English
99%
Swahili/English
99%
Swahili/English/French/Kinyarwanda
99%
Swazi/English
99%
Tok Pisin/Hiri Matu/English
99%
Tongan/English
99%
Tswana/English
99%
Tuvaluan/English
99%
Urdu/English
99%
Arabic/French
98%
Arabic/Kurdish
98%
Araona/Aymara/Baure/Bésiro/Canichana
Cavineño/Cayubaba/ Chácobo/Chimán/
Ese Ejja/Guaraní/Guarasu’we/Guarayu/
Itonama/Leco/Machajuyai-kallawaya/
Machineri/Maropa/Mojeñotrinitario/
Mojeño-ignaciano/Moré/Mosetén/
Movima/ Pacawara/Puquina/Quechua/
Sirionó/Spanish/Tacana/Tapiete/
Toromona/Uruchipaya/Weenhayek/
Yaminawa/Yuki/Yuracaré,/Zamuco
98%
Dutch/French/German
98%
French
98%
French/Arabic
98%
French/Spanish/Portuguese
98%
German/Italian/French/Romansh
98%
Haitian Creole/French
98%
Luxembourgish/French/German
98%
Malagasy/French
98%
Spanish
98%
Spanish/Aymara/ Quechua
98%
Spanish/Guarani
98%
Spanish/Quechua
98%
Arabic
97%
Arabic/Tamazight
97%
Belarussian/Russian
97%
Comoran/Arabic/France
97%
German
97%
Kazakh/Russian
97%
Kyrgyz/Russian
97%
Mandarin/Chinese
97%
Portuguese
97%
Russian
97%
Finnish/Swedish
95%
Italian
94%
Swedish
94%
Mongolian
93%
Polish
93%
Japanese
92%
Montenegrin/Bosnian/Croatian
/Serbian/Albanian
92%
Turkish
92%
Albanian/Serbian
91%
Bosnian/Croatian/Serbian
91%
Czech/Slovak
91%
Ukrainian
91%
Greek
90%
Greek/Turkey
90%
Hungarian
90%
Romanian
89%
Thai
89%
Danish
88%
Indonesian
88%
Norwegian/Sami
88%
Serbian
88%
Slovak
88%
Croatian
87%
Dutch
87%
Korean
87%
Persian/Farsi
87%
Vietnamese
87%
Macedonian/Albanian
84%
Uzbek
84%
Albanian
83%
Armenian
83%
Khmer
83%
Lao
83%
Georgian
82%
Nepali
82%
Dari/Pashto
81%
Latvian
81%
Slovene
81%
Turkmen
81%
Bengali
80%
Estonian
80%
Azerbaijani
79%
Lithuanian
79%
Chinese
78%
Tajik
78%
Burmese
76%
Icelandic
74%
Somali/Afar/Amharic/Oromo/Tigrinya
73%
Dzongkha
69%
Hebrew
58%
Sinhala/Tamil
57%
Catalan
47%
Maldivian/Dhivehi
46%
Tigrinya
39%
Tetum
18%

Score Distribution

Percentile by Number Answered

Percent of People with Each Score

Your Score History

You have not taken this quiz since the last reset